|
|
|
|
| LEADER |
01168nam a2200277 a 4500 |
| 001 |
39503 |
| 003 |
BD-DhAAL |
| 008 |
221011t1993 dcua b i000 0 eng d |
| 999 |
|
|
|c 44937
|d 44937
|
| 010 |
|
|
|a 92010723
|
| 020 |
|
|
|a 1557751927 :
|c $22.50
|
| 040 |
|
|
|a DLC
|c DLC
|d DLC
|d BD-DhAAL
|
| 082 |
0 |
0 |
|a 339.5091724
|
| 245 |
0 |
0 |
|a How to measure the fiscal deficit :
|b analytical and methodological issues /
|c edited by Mario I. Blejer and Adrienne Cheasty.
|
| 260 |
|
|
|a Washington, D.C., U.S.A. :
|b International Monetary Fund,
|c 1993.
|
| 300 |
|
|
|a ix, 389 pages :
|b illustrations ;
|c 23 cm.
|
| 504 |
|
|
|a Includes bibliographical references.
|
| 541 |
|
|
|a Donated By Akbar Ali Khan
|e 39503
|
| 650 |
|
0 |
|a Fiscal policy
|z Developing countries.
|9 51726
|
| 650 |
|
0 |
|a Budget deficits
|z Developing countries.
|9 51727
|
| 650 |
|
0 |
|a Economics.
|9 51728
|
| 700 |
1 |
|
|a Bléjer, Mario I.
|9 51729
|
| 700 |
1 |
|
|a Cheasty, A.
|9 51730
|
| 852 |
|
|
|a Ayesha Abed Library
|c Akbar Ali Khan Collection
|
| 942 |
|
|
|2 ddc
|c BK
|
| 952 |
|
|
|0 0
|1 0
|2 ddc
|4 0
|6 339_509172400000000_HOW
|7 1
|9 71914
|a BRACUL
|b BRACUL
|c AAKC
|d 2022-10-11
|e Donated by Akbar Ali Khan
|l 0
|o 339.5091724 HOW
|p 3010039503
|r 2022-10-11
|t 1
|w 2022-10-11
|y BK
|